| 000 | 00595nam a2200193Ia 4500 | ||
|---|---|---|---|
| 008 | 220216s9999 xx 000 0 und d | ||
| 100 | _aWestermann S | ||
| 245 | 0 | _aExperimental investigations into the predictive capabilities of current physical rubber friction theories | |
| 260 |
_bKautschuk Gummi Kunststoffe _c2004 |
||
| 300 | _a645-650 | ||
| 650 | _aComplex viscoelastic modulus | ||
| 650 | _aRubber friction theory | ||
| 650 | _aSliding friction coefficient | ||
| 650 | _aSurface characterisation | ||
| 700 | _aBoes R | ||
| 700 | _aPetry F | ||
| 700 | _aThielen G | ||
| 942 | _cJS | ||
| 999 |
_c59110 _d59110 |
||